Вып. 13; Защитные покрытия на металлах

Detalles Bibliográficos
Parent link:Защитные покрытия на металлах: республиканский межведомственный сборник научных трудов/ Академия наук Украинской ССР (АН УССР), Институт проблем материаловедения им И. Н. Францевича (ИПМ). Вып. 13.— , 1967-1991
Outros autores: Архаров В. И. (редактор)
Idioma:ruso
Publicado: 1979
Subjects:
Formato: Libro
KOHA link:https://koha.lib.tpu.ru/cgi-bin/koha/opac-detail.pl?biblionumber=325584

MARC

LEADER 00000nam2a2200000 4500
001 325584
005 20231102003758.0
035 |a (RuTPU)RU\TPU\book\351199 
035 |a RU\TPU\book\297509 
090 |a 325584 
100 |a 20141101d1979 k y0rusy50 ca 
101 0 |a rus 
102 |a UA 
105 |a a z 001zy 
200 0 |a Вып. 13 
210 |d 1979 
215 |a 108 с.  |c ил. 
320 |a Библиография в конце статей 
461 1 |0 (RuTPU)RU\TPU\book\204254  |t Защитные покрытия на металлах  |o республиканский межведомственный сборник научных трудов  |f Академия наук Украинской ССР (АН УССР), Институт проблем материаловедения им И. Н. Францевича (ИПМ)  |v Вып. 13  |d 1967-1991 
606 1 |a Металлы  |x Защитные покрытия  |x Нанесения  |2 stltpush  |3 (RuTPU)RU\TPU\subj\43060  |9 62646 
610 1 |a диффузионные покрытия 
610 1 |a напыленные покрытия 
610 1 |a свойства 
610 1 |a применение 
610 1 |a промышленное внедрение 
610 1 |a состав 
610 1 |a термодинамический расчет 
610 1 |a сталь 
610 1 |a борирование 
610 1 |a композиционные порошки 
610 1 |a плазменные покрытия 
610 1 |a прочность 
610 1 |a карбидные покрытия 
675 |a 621.793  |v 4 
702 1 |a Архаров  |b В. И.  |4 340 
801 0 |a RU  |b 63413507  |c 19950704  |g psbo 
801 1 |a RU  |b 63413507  |c 20151127 
801 2 |a RU  |b 63413507  |c 20171207  |g RCR 
942 |c BK